000 00541nam a22001937a 4500
003 KOHA_MİRAKIL
005 20240930101007.0
008 240929b2018 tu ||||| |||| 00| 0 tur d
020 _a9786052262047
040 _aTR-AnABB
_btur
_cTR-AnABB
041 _atur
082 _a814.42
_bPIS 2018
100 _aPişmanlık, Uğur.
245 0 _aBoyun eğmeyen insan /
_cUğur Pişmanlık.
260 _aAnkara :
_bNisan La Kitap Yayınları,
_c2018.
300 _a202 sayfa ;
_c21 cm.
650 _aTürk edebiyatı, deneme
942 _2ddc
_cBK
999 _c1720
_d1720